<?xml version="1.0" encoding="UTF-8"?>
<record
    xmlns:xsi="http://www.w3.org/2001/XMLSchema-instance"
    xsi:schemaLocation="http://www.loc.gov/MARC21/slim http://www.loc.gov/standards/marcxml/schema/MARC21slim.xsd"
    xmlns="http://www.loc.gov/MARC21/slim">

  <leader>00819nam a2200205Ia 4500</leader>
  <controlfield tag="001">64932</controlfield>
  <controlfield tag="003">OSt</controlfield>
  <controlfield tag="005">20160309123450.0</controlfield>
  <controlfield tag="008">150303s9999    xx            000 0 und d</controlfield>
  <datafield tag="020" ind1=" " ind2=" ">
    <subfield code="a">9789699739797</subfield>
  </datafield>
  <datafield tag="040" ind1=" " ind2=" ">
    <subfield code="c">PK-LaUMT</subfield>
  </datafield>
  <datafield tag="082" ind1=" " ind2=" ">
    <subfield code="a"> 320.954915</subfield>
    <subfield code="b">ANA-B</subfield>
  </datafield>
  <datafield tag="100" ind1=" " ind2=" ">
    <subfield code="a">Inayatullah Baluch</subfield>
  </datafield>
  <datafield tag="245" ind1=" " ind2=" ">
    <subfield code="a">(&#x628;&#x644;&#x648;&#x686;&#x633;&#x62A;&#x627;&#x646; &#x6A9;&#x627; &#x645;&#x633;&#x644;&#x6C1;)Balochistan ka masslah (Urdu) [the problem of greater Baluchistan]</subfield>
    <subfield code="b">(&#x628;&#x644;&#x648;&#x686; &#x642;&#x648;&#x645; &#x67E;&#x631;&#x633;&#x62A;&#x6CC; &#x6A9;&#x627; &#x627;&#x6CC;&#x6A9; &#x62C;&#x627;&#x626;&#x632;&#x6C1;)Baluch qaumparasti ka ek jaizah</subfield>
    <subfield code="c">(&#x639;&#x646;&#x627;&#x6CC;&#x62A; &#x627;&#x644;&#x644;&#x6C1; &#x628;&#x644;&#x648;&#x686;(&#x631;&#x6CC;&#x627;&#x636; &#x645;&#x62D;&#x645;&#x648;&#x62F; &#x627;&#x646;&#x62C;&#x645;)Inayatullah Baluch|Riaz Mahmood Anjum</subfield>
  </datafield>
  <datafield tag="260" ind1=" " ind2=" ">
    <subfield code="a">(&#x644;&#x627;&#x6C1;&#x648;&#x631;&#x60C; &#x67E;&#x627;&#x6A9;&#x633;&#x62A;&#x627;&#x646;)Lahore,Pakistan:</subfield>
    <subfield code="b">(&#x62C;&#x645;&#x6C1;&#x648;&#x631;&#x6CC; &#x67E;&#x628;&#x644;&#x6CC;&#x6A9;&#x6CC;&#x634;&#x646;&#x632;)Jumhoori Publications,</subfield>
    <subfield code="c">2014</subfield>
  </datafield>
  <datafield tag="300" ind1=" " ind2=" ">
    <subfield code="a">400 p.</subfield>
  </datafield>
  <datafield tag="546" ind1=" " ind2=" ">
    <subfield code="a">UR</subfield>
  </datafield>
  <datafield tag="700" ind1=" " ind2=" ">
    <subfield code="a">Riaz Mahmood Anjum</subfield>
  </datafield>
  <datafield tag="942" ind1=" " ind2=" ">
    <subfield code="c">BK</subfield>
    <subfield code="2">ddc</subfield>
  </datafield>
  <datafield tag="999" ind1=" " ind2=" ">
    <subfield code="c">66976</subfield>
    <subfield code="d">66976</subfield>
  </datafield>
  <datafield tag="952" ind1=" " ind2=" ">
    <subfield code="0">0</subfield>
    <subfield code="1">0</subfield>
    <subfield code="4">0</subfield>
    <subfield code="7">0</subfield>
    <subfield code="a">01</subfield>
    <subfield code="b">01</subfield>
    <subfield code="d">2015-03-03</subfield>
    <subfield code="l">11</subfield>
    <subfield code="m">1</subfield>
    <subfield code="o"> 320.954915 ANA-B</subfield>
    <subfield code="p">88791</subfield>
    <subfield code="q">2024-07-20</subfield>
    <subfield code="r">2024-07-06 17:03:49</subfield>
    <subfield code="s">2024-07-06</subfield>
    <subfield code="w">2015-03-03</subfield>
    <subfield code="y">BK</subfield>
  </datafield>
</record>
